000 00345nam a2200157Ia 4500
003 Ost
005 20260225132548.0
008 260225s9999||||xx |||||||||||||| ||und||
040 _cfsic
041 _afre
082 _a440
100 _aTabari
_eAuteur
245 0 _aLES Quatres premiers califes :
245 0 _b4 /
_cTabari
942 _cكتاب
999 _c33949
_d33949